Monografie československých a českých známek a poštovní historie. 25. díl, III. svazek, 100 let - 534 autorů : 100 let Poštovního muzea : výtvarné návrhy poštovních známek z let 1918-2018 /

Hlavní autor: Říha, Martin, 1975-
Korporativní autor: Poštovní muzeum (Praha, Česko)
Další autoři: Kramář, Jan, 1977-
Jazyk: Čeština
Angličtina
Vydáno: Praha : Pofis, 2018
Vydání: První vydání
Témata:
Externí odkaz: Digitalizovaný dokument
Fyzický popis: 312 stran : ilustrace (některé barevné), portréty, faksimile ; 25 x 31 cm
Language note: Souběžný anglický text
Knihy
Uloženo v:
LEADER 03123nam a2200745 i 4500
001 nkc20193081617
003 CZ PrNK
005 20200701095831.0
007 ta
008 190320s2018 xr ach f 001 0 cze
015 |a cnb003081617 
020 |a 978-80-86437-20-0  |q (vázáno) 
035 |a (OCoLC)1096288893 
040 |a ABA001  |b cze  |e rda 
041 1 |a cze  |a eng  |h cze 
043 |a e-cs---  |a e-xr---  |b e-xr-pg  |2 czenas 
045 |a x1y1 
072 7 |a 656.8  |x Poštovní služby a správa  |2 Konspekt  |9 4 
080 |a 069:656.8  |2 MRF 
080 |a 656.8(091)  |2 MRF 
080 |a 656.835.11  |2 MRF 
080 |a (437.3)  |2 MRF 
080 |a (437)  |2 MRF 
080 |a (437.311)  |2 MRF 
080 |a (048.8)  |2 MRF 
100 1 |a Říha, Martin,  |d 1975-  |7 xx0013063  |4 aut 
245 1 0 |a Monografie československých a českých známek a poštovní historie.  |n 25. díl, III. svazek,  |p 100 let - 534 autorů : 100 let Poštovního muzea : výtvarné návrhy poštovních známek z let 1918-2018 /  |c Martin Říha, Jan Kramář 
246 3 |a Sto let Poštovního muzea 
246 3 |a Sto let - 534 autorů 
246 3 0 |a 100 let - 534 autorů 
246 3 0 |a 100 let Poštovního muzea 
246 3 0 |a Výtvarné návrhy poštovních známek z let 1918-2018 
250 |a První vydání 
264 1 |a Praha :  |b Pofis,  |c 2018 
300 |a 312 stran :  |b ilustrace (některé barevné), portréty, faksimile ;  |c 25 x 31 cm 
336 |a text  |b txt  |2 rdacontent 
336 |a statický obraz  |b sti  |2 rdacontent 
337 |a bez média  |b n  |2 rdamedia 
338 |a svazek  |b nc  |2 rdacarrier 
500 |a Chronologický přehled 
500 |a Obsahuje rejstřík 
546 |a Souběžný anglický text 
550 |a Vydavatel: Poštovní muzeum 
610 2 7 |a Poštovní muzeum (Praha, Česko)  |7 kn20010709320  |2 czenas 
648 7 |a 20.-21. století  |7 ch462155  |2 czenas 
648 7 |a 1918-2018  |7 ch999772  |2 czenas 
650 0 7 |a poštovní muzea  |7 ph514309  |z Česko  |y 20.-21. století  |2 czenas 
650 0 7 |a dějiny poštovnictví  |7 ph488977  |z Česko  |y 20.-21. století  |2 czenas 
650 0 7 |a poštovní známky  |7 ph115855  |z Česko  |y 20.-21. století  |2 czenas 
650 0 7 |a poštovní známky  |7 ph115855  |z Československo  |2 czenas 
650 0 9 |a postal museums  |z Czechia  |y 20th-21st centuries  |2 eczenas 
650 0 9 |a history of postal services  |z Czechia  |y 20th-21st centuries  |2 eczenas 
650 0 9 |a postage stamps  |z Czechia  |y 20th-21st centuries  |2 eczenas 
650 0 9 |a postage stamps  |z Czechoslovakia  |2 eczenas 
651 7 |a Praha (Česko)  |7 ge118011  |2 czenas 
651 9 |a Prague (Czechia)  |2 eczenas 
655 7 |a monografie  |7 fd132842  |2 czenas 
655 9 |a monographs  |2 eczenas 
700 1 |a Kramář, Jan,  |d 1977-  |7 xx0079869  |4 aut 
710 2 |a Poštovní muzeum (Praha, Česko)  |7 kn20010709320  |4 oth  |4 isb 
856 4 1 |u http://www.digitalniknihovna.cz/mzk/uuid/uuid:607bd080-f0d8-11e9-9a61-005056827e52  |y Digitalizovaný dokument  |x NDK 
910 2 |a BOA001  |b 2-0604.343,25/3 
990 |a BK 
995 |a 01 
996 6 |b 2610792274  |c 2-0604.343,25/3  |l Sklad H1  |r Sklad / do 24 hodin  |n 1  |p p.v.  |h HS212  |w 001750334  |u 000010  |a 1  |e BOA001  |j MZK50  |s P